Marcos de microconcreto sometidos a carga monotónica : efecto de carga axial en el comportamiento carga versus desplazamiento
Gorde:
| Egile nagusia: | |
|---|---|
| Beste egile batzuk: | |
| Formatua: | Liburua |
| Hizkuntza: | Spanish |
| Argitaratua: |
San José, Costa Rica
1999
|
| Gaiak: | |
| Etiketak: |
Etiketa erantsi
Etiketarik gabe, Izan zaitez lehena erregistro honi etiketa jartzen!
|
MARC
| LEADER | 00000nam a2200000Ia 4500 | ||
|---|---|---|---|
| 003 | 008451 | ||
| 005 | 20231120145515.0 | ||
| 008 | 140114s1999 cr a m 000 ||spa d | ||
| 040 | |c cru CEDI | ||
| 090 | |a TFG 4076 | ||
| 100 | |a Víquez Chaves, María del Carmen, 1973- |9 1623 | ||
| 245 | |a Marcos de microconcreto sometidos a carga monotónica : efecto de carga axial en el comportamiento carga versus desplazamiento | ||
| 260 | |a San José, Costa Rica |c 1999 | ||
| 300 | |a viii, 62 hojas : ilustraciones a color. | ||
| 500 | |a Proyecto de graduación (licenciatura en ingeniería civil)--Universidad de Costa Rica. Facultad de Ingeniería. Escuela de Ingeniería Civil | ||
| 501 | |a Director de Proyecto de Graduación: Ing. Edwin Espinoza Blanco | ||
| 650 | |x RESISTENCIA DE MATERIALES |x MARCOS ESTRUCTURALES |x ESTRUCTURAS DE ACERO |x |x ANALISIS ESTRUCTURAL (INGENIERIA) |9 8408 | ||
| 700 | |9 1624 |a Espinoza Blanco , Edwin, 1967- |d Director del TFG | ||
| 942 | |c TFG |h TFG 4076 |i 008451 |6 TFG_4076_008451000000000 | ||
| 999 | |c 18376 |d 18376 | ||
